000 00399pab a2200145 454500
008 180718b1986 xxu||||| |||| 00| 0 eng d
100 _aSmith, Steven B.
245 _aHegel's critique of liberalism
260 _c1986
300 _a121-39
362 _aMar.
650 _aHegel, Gedrg Wilhelm Friedrich - Criticism and interpretation
773 _aAmerican Political Science Review
909 _a9723
999 _c9723
_d9723